Undertanding Canada. A multidisciplinary Introduction to Canadian Studies /
Enregistré dans:
| Auteur principal: | |
|---|---|
| Autres auteurs: | |
| Format: | Texte |
| Publié: |
Nueva York:
new York University
|
| Tags: |
Ajouter un tag
Pas de tags, Soyez le premier à ajouter un tag!
|
MARC
| LEADER | 00000 a a2200000 04500 | ||
|---|---|---|---|
| 001 | 23363 | ||
| 003 | |||
| 040 | |||
| 020 | |a 0-81147-5382-5 | ||
| 090 | |a 162500 | ||
| 100 | |a Metcalfe, William | ||
| 245 | |a Undertanding Canada. A multidisciplinary Introduction to Canadian Studies / |c William Metcalfe | ||
| 260 | |a Nueva York: |b new York University | ||
| 300 | |a 619 p. |b **no definido** |b fonodiscos | ||
| 700 | |a edit. | ||
| 999 | |c 11660 |d 11660 | ||
